Toutes les communes de la Creuse sur une carte - Statistiques

Statistiques générales
  • Ce quiz a été pris 309 fois
    260 depuis la dernière actualisation
  • Le résultat moyen est 72 sur 255
Réponses sur la Carte
Les réponses sont colorées sur une échelle allant du rouge au vert en fonction du pourcentage des utilisateurs qui les ont devinées à leur premier essai. Vous pouvez retrouver ces pourcentages ci-dessous.
 
Statistiques - réponses
Commune Pop. % Correct
Guéret 12 955
100%
Aubusson 3 018
93%
La Souterraine 4 978
90%
Le Bourg-d'Hem 226
71%
Bourganeuf 2 364
69%
Sainte-Feyre 2 566
67%
Boussac 1 236
64%
Felletin 1 577
64%
Fursac 1 430
64%
Évaux-les-Bains 1 277
63%
Saint-Sulpice-le-Dunois 564
63%
Saint-Sulpice-le-Guérétois 1 892
63%
Saint-Sulpice-les-Champs 340
63%
Ahun 1 394
62%
Bussière-Saint-Georges 262
60%
Gouzon 1 558
60%
Dun-le-Palestel 1 096
58%
Saint-Maurice-la-Souterraine 1 116
56%
Saint-Maurice-près-Crocq 104
56%
Chambon-sur-Voueize 794
54%
Saint-Vaury 1 718
52%
Auzances 1 129
50%
Bonnat 1 357
50%
Le Grand-Bourg 1 167
50%
Ajain 1 019
49%
Crocq 389
49%
La Courtine 707
49%
Jarnages 498
48%
Parsac 825
48%
Bénévent-l'Abbaye 769
46%
Crozant 431
46%
Saint-Fiel 1 087
46%
Lourdoueix-Saint-Pierre 711
45%
Royère-de-Vassivière 565
45%
Lavaveix-les-Mines 684
44%
Saint-Laurent 670
43%
Châtelus-le-Marcheix 336
42%
Noth 498
42%
Pontarion 357
42%
Saint-Léger-Bridereix 162
42%
Saint-Léger-le-Guérétois 401
42%
Saint-Sébastien 612
42%
Anzême 551
40%
Chénérailles 728
40%
La Chapelle-Saint-Martial 79
40%
Saint-Priest 149
40%
Saint-Priest-la-Feuille 718
40%
Saint-Priest-la-Plaine 258
40%
Saint-Priest-Palus 51
40%
Les Mars 180
39%
Saint-Dizier-la-Tour 178
39%
Saint-Dizier-les-Domaines 207
39%
Saint-Dizier-Masbaraud 1 143
39%
Saint-Martin-Sainte-Catherine 330
39%
Bord-Saint-Georges 368
38%
La Celle-Dunoise 534
38%
Saint-Martin-Château 150
38%
Champagnat 461
37%
Moutier-d'Ahun 160
37%
Saint-Pierre-Bellevue 215
37%
Saint-Pierre-Chérignat 164
37%
Saint-Pierre-le-Bost 119
37%
Glénic 625
36%
Saint-Agnant-de-Versillat 1 039
36%
Saint-Agnant-près-Crocq 193
36%
Fresselines 509
35%
Genouillac 721
35%
La Chapelle-Baloue 114
35%
La Chapelle-Taillefert 448
35%
Saint-Georges-la-Pouge 355
35%
Saint-Georges-Nigremont 134
35%
Sardent 760
35%
Vallière 705
35%
Azerables 804
33%
Gentioux-Pigerolles 398
33%
La Brionne 448
33%
Lussat 416
33%
Saint-Yrieix-la-Montagne 219
33%
Saint-Yrieix-les-Bois 275
33%
Saint-Victor-en-Marche 359
32%
Toulx-Sainte-Croix 252
32%
Fleurat 311
31%
Mainsat 540
31%
Marsac 643
31%
Naillat 687
31%
Jouillat 387
30%
Saint-Christophe 148
30%
Saint-Julien-la-Genête 215
30%
Saint-Julien-le-Châtel 158
30%
Chambon-Sainte-Croix 89
29%
Mérinchal 654
29%
Montaigut-le-Blanc 370
29%
Pionnat 721
29%
Rougnat 471
29%
Saint-Hilaire-la-Plaine 209
29%
Saint-Hilaire-le-Château 224
29%
Savennes 209
29%
Boussac-Bourg 686
27%
Bussière-Dunoise 1 040
27%
Fransèches 240
27%
Gartempe 113
27%
La Saunière 663
27%
Bellegarde-en-Marche 355
26%
Chéniers 554
26%
Cressat 512
26%
Faux-la-Montagne 443
26%
Ladapeyre 360
26%
Peyrabout 150
25%
Peyrat-la-Nonière 420
25%
Saint-Amand 449
25%
Saint-Amand-Jartoudeix 150
25%
Budelière 718
24%
Châtelus-Malvaleix 545
24%
Domeyrot 229
24%
Flayat 296
24%
Gioux 187
24%
Lavaufranche 232
24%
La Villeneuve 44
24%
La Villetelle 163
24%
Le Mas-d'Artige 92
24%
Maisonnisses 176
24%
Saint-Éloi 175
24%
Saint-Marc-à-Frongier 428
24%
Saint-Marc-à-Loubaud 126
24%
Saint-Quentin-la-Chabanne 362
24%
La Forêt-du-Temple 143
23%
La Villedieu 52
23%
Moutier-Malcard 558
23%
Saint-Loup 201
23%
Saint-Silvain-Bas-le-Roc 410
23%
Saint-Silvain-Bellegarde 189
23%
Saint-Silvain-Montaigut 194
23%
Saint-Silvain-sous-Toulx 146
23%
Soumans 611
23%
Fontanières 260
21%
Lépaud 359
21%
Lizières 234
21%
Maison-Feyne 283
21%
Moutier-Rozeille 432
21%
Saint-Germain-Beaupré 352
21%
Saint-Martial-le-Mont 265
21%
Saint-Martial-le-Vieux 150
21%
Saint-Pardoux-d'Arnet 163
21%
Saint-Pardoux-le-Neuf 189
21%
Saint-Pardoux-les-Cards 291
21%
Saint-Pardoux-Morterolles 211
21%
Alleyrat 144
20%
Auge 92
20%
Blessac 525
20%
Clugnat 652
20%
Colondannes 289
20%
Dontreix 400
20%
La Serre-Bussière-Vieille 120
20%
Lupersat 288
20%
Mansat-la-Courrière 73
20%
Méasnes 522
20%
Nouhant 313
20%
Reterre 258
20%
Saint-Michel-de-Veisse 165
20%
Saint-Oradoux-de-Chirouze 71
20%
Saint-Oradoux-près-Crocq 109
20%
Sannat 349
20%
Vareilles 331
20%
Vigeville 164
20%
Ars 239
19%
Bazelat 221
19%
Chamborand 241
19%
Charron 195
19%
Croze 185
19%
Janaillat 317
19%
Linard-Malval 206
19%
Saint-Chabrais 317
19%
Saint-Goussaud 157
19%
Saint-Maixant 222
19%
Villard 381
19%
Arrènes 202
18%
Chambonchard 83
18%
La Celle-sous-Gouzon 162
18%
Lafat 328
18%
La Pouge 96
18%
Le Compas 197
18%
Néoux 279
18%
Nouzerolles 100
18%
Saint-Domet 160
18%
Saint-Frion 251
18%
Aulon 163
17%
Champsanglard 253
17%
La Cellette 266
17%
Malleret 45
17%
Mautes 194
17%
Mazeirat 120
17%
Mortroux 277
17%
Mourioux-Vieilleville 521
17%
Roches 371
17%
Saint-Médard-la-Rochette 559
17%
Sermur 102
17%
Thauron 166
17%
Trois-Fonds 141
17%
Vidaillat 204
17%
Arfeuille-Châtain 193
15%
Basville 167
15%
Bétête 389
15%
Brousse 32
15%
Féniers 111
15%
Issoudun-Létrieix 291
15%
La Nouaille 224
15%
Le Donzeil 186
15%
Leyrat 143
15%
Nouzerines 237
15%
Pierrefitte 67
15%
Poussanges 148
15%
Puy-Malsignat 140
15%
Saint-Alpinien 290
15%
Saint-Avit-de-Tardes 159
15%
Saint-Avit-le-Pauvre 93
15%
Saint-Bard 93
15%
Saint-Marien 196
15%
Soubrebost 139
15%
Sous-Parsat 112
15%
Tardes 119
15%
Viersat 278
15%
Augères 117
14%
Banize 183
14%
Bosmoreau-les-Mines 230
14%
Chard 206
14%
Clairavaux 151
14%
La Chaussade 99
14%
La Mazière-aux-Bons-Hommes 52
14%
Le Monteil-au-Vicomte 215
14%
Magnat-l'Étrange 236
14%
Nouziers 245
14%
Saint-Merd-la-Breuille 198
14%
Verneiges 119
14%
Azat-Châtenet 108
13%
Chamberaud 94
13%
Faux-Mazuras 186
13%
Jalesches 95
13%
Le Chauchet 102
13%
Lépinas 145
13%
Lioux-les-Monges 51
13%
Malleret-Boussac 175
13%
Pontcharraud 82
13%
Sagnat 197
13%
Tercillat 158
13%
Beissat 31
12%
Bosroger 118
12%
Bussière-Nouvelle 73
12%
Châtelard 29
12%
Chavanat 137
12%
Montboucher 372
12%
Saint-Moreil 229
12%
Auriat 122
11%
Ceyroux 121
11%
Sainte-Feyre-la-Montagne 121
11%
Saint-Junien-la-Bregère 144
11%
Aucun quiz correspondant
Distribution des résultats
% des personnes avec chaque résultat
Percentile par nombre de réponses
Votre historique - résultats
Vous n’avez pas pris ce quiz depuis la dernière actualisation